000 00922nam a2200241 i 4500
001 130077
003 ES-MaACL
005 20240511063032.0
007 t|
008 070718s1900 sp |||| | spa d
040 _cES-MaACL
080 _a35(460).071.6
100 1 _aSoler, Cayetano,
_9107140
_d1863-1914
_eaut
245 1 3 _aEl problema de la descentralización :
_bconferencia leída por Cayetano Soler, Pbro. en el Ateneo de Madrid la noche del 15 de marzo de 1900.
260 _aMadrid :
_bLibrería de Fernando Fe,
_c1900.
300 _a143 páginas ;
_c18 cm.
610 2 4 _aAteneo de Madrid-
_vConferencias-
_y1900-1939
_91907
650 4 _aDescentralización administrativa-
_zEspaña
_911822
852 _aES-MaACL
_cDEPOF
_jT-936-F-4
_xHolandesa, conservando la enc. original
_xEnc. en un vol. facticio
942 _cFOLLETOS
_n0
999 _c130077
_d130077